Największe Wojskowe Bazy Lotnicze w Polsce - Statystyki

Ogólne statystyki
  • Ten quiz został rozwiązany 53 razy
  • Średni wynik to 5 z 15
Statystyki odpowiedzi
Wskazówka Odpowiedź % Poprawnych
1. 31. Baza Lotnictwa Taktycznego Poznań-Krzesiny [EPKS]
67%
2. 32. Baza Lotnictwa Taktycznego Łask [EPLK]
54%
11. 8. Krakowska Baza Lotnictwa Transportowego Kraków-Balice [EPKK]
54%
4. 41. Baza Lotnictwa Szkolnego Dęblin [EPDE]
51%
3. 33. Baza Lotnictwa Transportowego Powidz [EPPW]
49%
13. 22. Baza Lotnictwa Taktycznego Malbork [EPMB]
44%
7. 42. Baza Lotnictwa Szkolnego Radom [EPRA]
44%
6. 23. Baza Lotnictwa Taktycznego Mińsk Mazowiecki [EPMM]
41%
15. 43. Baza Lotnictwa Morskiego Gdynia-Oksywie [EPOK]
36%
9. 21. Baza Lotnictwa Taktycznego Świdwin [EPSN]
26%
8. 12. Baza Bezzałogowych Statków Powietrznych Mirosławiec [EPMI]
21%
12. 56. Baza Lotnicza Inowrocław-Latkowo [EPIR]
21%
5. 25. Brygada Kawalerii Powietrznej Tomaszów Mazowiecki [EPTM]
15%
14. 49. Baza Lotnicza Pruszcz Gdański [EPPR]
10%
10. 44. Baza Lotnictwa Morskiego Marynarki Wojennej Cewice [EPCE]
5%
Nie znaleziono quizów pasujących do podanych kryteriów
Rozkład punktacji
Procent ludzi z każdym wynikiem
Percentyl według liczby udzielonych odpowiedzi
Twoja historia wyników
Nie rozwiązałeś tego quizu